Letters Hidden in Drawings - Statistics

General Stats
  • This quiz has been taken 164 times
  • The average score is 5 of 26
Answer Stats
Hint Extra Hint Explanation Answer % Correct
cartoon hammer S
59%
falling off a cliff B
47%
low quality sushi M
47%
cloud of dust D
43%
pizza pie A
35%
serial killer X
34%
pogo stick T
32%
dance moves J
25%
spider web W
23%
bag of chips O
20%
oversized shoes C
19%
polar bear H
19%
pack of gum I
13%
safety goggles Q
13%
expired medicine E
11%
bag of rice R
9%
skateboard U
9%
unsafe playground V
9%
jar of honey G
8%
gravestone P
8%
nail gun N
6%
fruit punch Y
6%
wildebeest stampede Z
6%
bookshelf F
3%
poison ivy K
3%
bear trap L
3%
No matching quizzes found
Score Distribution
Percent of People with Each Score
Percentile by Number Answered
Your Score History
You have not taken this quiz